KOHA-Header-6

Grob's Basic Electronics (Record no. 1377)

000 -LEADER
fixed length control field 00321nam a2200133Ia 4500
008 - FIXED-LENGTH DATA ELEMENTS--GENERAL INFORMATION
fixed length control field 190723s9999 xx 000 0 und d
020 ## - INTERNATIONAL STANDARD BOOK NUMBER
International Standard Book Number 978-0-07-063432-9
100 ## - MAIN ENTRY--PERSONAL NAME
Personal name Mitchel E Schultz
245 #0 - TITLE STATEMENT
Title Grob's Basic Electronics
250 ## - EDITION STATEMENT
Edition statement 10th
260 ## - PUBLICATION, DISTRIBUTION, ETC. (IMPRINT)
Place of publication, distribution, etc New Delhi
Name of publisher, distributor, etc McGraw Hill
Date of publication, distribution, etc 2015
300 ## - PHYSICAL DESCRIPTION
Extent 1119
942 ## - ADDED ENTRY ELEMENTS (KOHA)
Koha item type Books
Holdings
Withdrawn status Lost status Source of classification or shelving scheme Damaged status Not for loan Collection code Permanent Location Current Location Shelving location Date acquired Full call number Barcode Date last seen Price effective from Koha item type
          Electrical Engineering MAJU MAJU Shelf No.A34 2019-07-23 621.38 8001 2019-07-23 2019-07-23 Electrical Engineering

Powered by Koha